| 000 | 00742nam a2200193 a 4500 | ||
|---|---|---|---|
| 001 | 000046556 | ||
| 005 | 20201002052946.0 | ||
| 008 | 150825s1973 dr a 000 0 spa d | ||
| 040 |
_aDO-SdBNP _bspa _cBNPHU |
||
| 082 |
_axxxxxxxxx _bxxxxxxxxx |
||
| 100 | 1 |
_aJames, Muriel _974544 |
|
| 245 | 1 | 0 |
_aNacidos para triunfar : _banálisis transaccional con experimentos Gestalt / _cMuriel James, Dorothy Jongeward ; prólogo Stephen B. Karpman. |
| 260 |
_aBuenos Aires, Argentina, : _b[s.n.], _c1973. |
||
| 300 |
_a270 p. : _bil., ; _c21 cm. |
||
| 500 | _aIncluye referencias bibliográficas y notas al pie de las páginas | ||
| 504 | _aBibliografía : p. 271 | ||
| 700 | 1 |
_aJongeward, Dorothy _974545 |
|
| 700 | 1 |
_aB. Karpman, Stephen, _epról. _974546 |
|
| 999 |
_c46045 _d46045 |
||